| 000 | 01864nam0a22003491 4500 | ||
|---|---|---|---|
| 001 | rc\4834005 | ||
| 005 | 20260407103526.0 | ||
| 021 |
_aRU _b[68-27751] |
||
| 035 | _a(NLR Aleph) 008890229 | ||
| 090 |
_a8637792 _c8637792 |
||
| 100 | _a20130426d1968 |||y0rusy50 ca | ||
| 101 | 0 | _arus | |
| 102 | _aRU | ||
| 105 | _aa z ||||| | ||
| 200 | 1 |
_aТепло- и массообмен в неньютоновских жидкостях _e[Материалы симпозиума. 29-31 марта 1966 г. Минск] _fПод общ. ред. акад. А.В. Лыкова и чл.-кор. АН БССР Б.М. Смольского _gИн-т тепло- и массообмена АН БССР |
|
| 210 |
_aМосква _cЭнергия _d1968 |
||
| 215 |
_a287 с. _cил. _d22 |
||
| 300 | _aНа корешке загл.: Теплообмен в неньютоновских жидкостях | ||
| 320 | _aБиблиогр. в конце докладов | ||
| 516 | 0 | _aТеплообмен в неньютоновских жидкостях | |
| 606 |
_aДисперсионные системы, вязкопластические _xТеплообмен _jСборники _2psbo |
||
| 606 |
_aДисперсионные системы, вязкопластические _xМассообмен _jСборники _2psbo |
||
| 606 |
_aРеология _jСборники _2psbo |
||
| 702 | 1 |
_aСмольский _bБ.М. _4340 |
|
| 702 | 1 |
_aЛыков _bА.В. _gАлексей Васильевич _4340 |
|
| 712 | 0 | 2 | _aВсесоюзный реологический симпозиум (1; 1966; Минск) |
| 712 | 0 | 2 |
_aИнститут тепло- и массообмена им. А. В. Лыкова _cМинск _3RU\NLR\AUTH\889932471 _9360232 |
| 801 | 0 |
_aRU _bNLR _gpsbo |
|
| 801 | 1 |
_aRU _bELAR _2rusmarc |
|
| 852 |
_aNLR _j68-5/2050 |
||
| 942 | _cBOOK | ||
| 980 | _aNB | ||